000 00777nam a2200205 a 4500
001 000046643
005 20201002053023.0
008 180314s2017 dr 000 0 spa d
020 _a9789945906837
040 _aDO-SdBNP
_bspa
_cBNPHU
082 _axxx
_bxxx
110 1 _aRepública Dominicana
_9447
240 1 0 _a[Leyes, etc.]
245 1 0 _aLey 87-01 sobre el sistema dominicano de seguridad social; (mod. por las leyes 72-02, 370-05, 188-07, 177-09 y adecuada conforme constituición vigente, las leyes 494-06, 247-12, 126-15 y el dec. 56-10 y sus modificaciones).
250 _aedición 35 aniversario
260 _aSanto Domingo, :
_bDalis,
_c2017.
300 _a152 p. ;
_c21 cm.
500 _aIncluye notas al pie de las paginas
590 _aInventariado, 2018/MFF
999 _c46132
_d46132